Folkloristic Contributions towards Religious Studies in Estonia: A Historical Outline

The article outlines the historical development of the study of folk religion and mythology in Estonian scholarship. It shows how the changing ideological and political context and formation of folkloristics as an autonomous discipline have shaped the construction of its object - Estonian folk relig...

Full description

Saved in:  
Bibliographic Details
Main Author: Valk, Ülo 1962- (Author)
Format: Electronic Article
Language:English
Check availability: HBZ Gateway
Interlibrary Loan:Interlibrary Loan for the Fachinformationsdienste (Specialized Information Services in Germany)
Published: 2014
In: Temenos
Year: 2014, Volume: 50, Issue: 1, Pages: 137-164
Further subjects:B Vernacular Religion
B Estonian Folklore
B Folk Religion
B History of Folkloristics
Online Access: Volltext (kostenfrei)
Volltext (kostenfrei)
Parallel Edition:Non-electronic

MARC

LEADER 00000caa a22000002c 4500
001 1847098940
003 DE-627
005 20240328080429.0
007 cr uuu---uuuuu
008 230601s2014 xx |||||o 00| ||eng c
024 7 |a 10.33356/temenos.46254  |2 doi 
035 |a (DE-627)1847098940 
035 |a (DE-599)KXP1847098940 
040 |a DE-627  |b ger  |c DE-627  |e rda 
041 |a eng 
084 |a 0  |2 ssgn 
100 1 |e VerfasserIn  |0 (DE-588)108384993X  |0 (DE-627)848053478  |0 (DE-576)178098442  |4 aut  |a Valk, Ülo  |d 1962- 
109 |a Valk, Ülo 1962- 
245 1 0 |a Folkloristic Contributions towards Religious Studies in Estonia  |b A Historical Outline 
264 1 |c 2014 
336 |a Text  |b txt  |2 rdacontent 
337 |a Computermedien  |b c  |2 rdamedia 
338 |a Online-Ressource  |b cr  |2 rdacarrier 
520 |a The article outlines the historical development of the study of folk religion and mythology in Estonian scholarship. It shows how the changing ideological and political context and formation of folkloristics as an autonomous discipline have shaped the construction of its object - Estonian folk religion. The roots of conceptualizing folk religion as an inherited set of survivals of heathendom lies on the one hand in the systematic work of the Lutheran Church in strengthening the Christian worldview by eradicating superstitions. On the other hand, the ideology of national awakening depicted Estonian folklore as a huge and valuable reservoir of pre-Christian traditions, including the oldest survivals of Finno-Ugric cultural heritage. Later, during the period of Soviet occupation, Marxist evolutionary views contributed towards considering folk religion as an archaic form in human development; in addition, anti-clerical ideology reinforced a stereotype of the people’s adherence to their indigenous religion and contrasting this with Christianity as an alien ideology of oppression. The last part of the article discusses scholarship after the re-establishment of Estonia’s independence in 1991, as the former ideological framework slowly faded away and new conceptual developments emerged. 
601 |a Folklorist 
601 |a Estonia 
650 4 |a Estonian Folklore 
650 4 |a Folk Religion 
650 4 |a History of Folkloristics 
650 4 |a Vernacular Religion 
773 0 8 |i Enthalten in  |t Temenos  |d Helsinki : [Verlag nicht ermittelbar], 1965  |g 50(2014), 1, Seite 137-164  |h Online-Ressource  |w (DE-627)813203716  |w (DE-600)2804564-6  |w (DE-576)42401257X  |x 2342-7256  |7 nnas 
773 1 8 |g volume:50  |g year:2014  |g number:1  |g pages:137-164 
776 |i Erscheint auch als  |n Druckausgabe  |w (DE-627)1640364404  |k Non-Electronic 
856 |u https://journal.fi/temenos/article/download/46254/14184  |x unpaywall  |z Vermutlich kostenfreier Zugang  |h publisher [deprecated] 
856 4 0 |u https://doi.org/10.33356/temenos.46254  |x Resolving-System  |z kostenfrei  |3 Volltext  |7 0 
856 4 0 |u https://journal.fi/temenos/article/view/46254  |x Verlag  |z kostenfrei  |3 Volltext  |7 0 
951 |a AR 
ELC |a 1 
LOK |0 000 xxxxxcx a22 zn 4500 
LOK |0 001 4327955779 
LOK |0 003 DE-627 
LOK |0 004 1847098940 
LOK |0 005 20230601084712 
LOK |0 008 230601||||||||||||||||ger||||||| 
LOK |0 040   |a DE-Tue135  |c DE-627  |d DE-Tue135 
LOK |0 092   |o n 
LOK |0 852   |a DE-Tue135 
LOK |0 852 1  |9 00 
LOK |0 935   |a ixzs  |a ixzo  |a rwrk 
LOK |0 939   |a 01-06-23  |b l01 
OAS |a 1 
ORI |a SA-MARC-ixtheoa001.raw 
REL |a 1 
SUB |a REL